000 00651cam a2200229 i 4500
001 1819239
003 ARRUPE
005 20160211153208.0
008 790731s1978 fr 000 1 fre
010 _a 79364809
015 _aF***
020 _a2707302325 :
_c33.00F
040 _aDLC
_cDLC
_dDLC
050 0 0 _aPQ2635.O117
_bS6
082 0 0 _a843/.9/14
100 1 _aRobbe-Grillet, Alain,
_d1922-2008.
_922268
245 1 0 _aSouvenirs du triangle d'or /
_cAlain Robbe-Grillet.
260 _aParis :
_bEditions de Minuit,
_cc1978.
300 _a237 p. ;
_c19 cm.
906 _a7
_bcbc
_corignew
_d4
_encip
_f19
_gy-gencatlg
942 _2lcc
_cMONOGRAPH
999 _c124165
_d124165